Complete the Movie Title #3 - Statistics

General Stats
  • This quiz has been taken 98 times
  • The average score is 10 of 15
Answer Stats
Year Movie % Correct
1993 Jurassic {Park}
100%
1994 Forrest {Gump}
99%
1995 Toy {Story}
98%
1991 The Silence of the {Lambs}
89%
1998 The Truman {Show}
89%
1957 12 Angry {Men}
88%
1997 Good Will {Hunting}
84%
1992 Reservoir {Dogs}
84%
1941 Citizen {Kane}
80%
1950 All About {Eve}
45%
1999 American {Beauty}
45%
2004 Hotel {Rwanda}
42%
1993 In the Name of the {Father}
35%
1954 Seven {Samurai}
34%
1988 Grave of the {Fireflies}
25%
No matching quizzes found
Score Distribution
Percent of People with Each Score
Percentile by Number Answered
Your Score History
You have not taken this quiz